Návrh uplatňovania samohodnotenia v spoločnosti SaarGummi Slovakia s.r.o. ako súčasť zlepšovania TQM

Saved in:
Bibliographic Details
Main Author: Barta, Lukáš (Author)
Other Authors: Čekanová, Katarína (Thesis advisor)
Format: Manuscript Book
Language:Slovak
Published: 2015
Subjects:
Online Access:http://is.stuba.sk/zp/portal_zp.pl?podrobnosti=110290
Tags: Add Tag
No Tags, Be the first to tag this record!

MARC

LEADER 00000ntm a22000003a 4500
001 stuzp52150
003 SK-STU
005 20160719154058.6
007 ta
008 150427s2015----xo-----f-mn---000-0-slo-d
040 |a STU  |b slo 
041 0 |a slo 
100 1 |a Barta, Lukáš  |u 065000  |4 aut  |U MTF Materiálovotechnologická fakulta  |T MTF Ústav bezpečnosti, environmentu a kvality  |X 56952  |U M5000  |Y 85  |7 A000056952 
242 0 1 |a Proposal of using self-assessment in company SaarGummi Slovakia s.r.o. as part of a process improvement.  |y eng 
245 1 0 |a Návrh uplatňovania samohodnotenia v spoločnosti SaarGummi Slovakia s.r.o. ako súčasť zlepšovania TQM 
260 |c 2015 
650 4 |a komplexné manažérstvo kvality  |2 slo 
650 4 |a samohodnotenie  |2 slo 
650 4 |a model EFQM  |2 slo 
650 4 |a model START  |2 slo 
650 4 |a total quality management  |2 eng 
650 4 |a self-assessment  |2 eng 
650 4 |a model START  |2 eng 
650 4 |a model EFQM  |2 eng 
700 1 |a Čekanová, Katarína  |4 ths  |X 75865  |7 75865 
856 4 |u http://is.stuba.sk/zp/portal_zp.pl?podrobnosti=110290 
996 |c M* DP-12531  |l MMSKP  |s P  |a 0  |w stuzp52150_0001 
SQL |a stuzp52150  |b DDP  |c SLO  |d Návrh uplatňovania samohodnotenia v spoločnosti SaarGummi Slovakia s.r.o. ako súčasť zlepšovania TQM  |e 56952  |f Barta, Lukáš  |g 065000  |h 75865  |i Čekanová, Katarína  |j 20150611  |k 183  |l 06  |m http://is.stuba.sk/zp/portal_zp.pl?podrobnosti=110290  |n I-IKP  |o 5.2.57. kvalita produkcie